000 00502 a2200157 4500
020 _a 0821353381
040 _aDLC
_bDLC
082 _a 337.3
100 _aWorld Bank Group
245 _a Global Economic Prospects and the Developing Countries 2003: Investing to Unlock Global Opportunities
_cWorld Bank Group
260 _aWashington:
_bWorld Bank Publications,
_c 2003.
300 _a xxii, 223 p.
_b: ill.
_c; 25 cm.
500 _aIncludes Index
650 _a Economics
942 _cBK
_k337.3 WOR
_2ddc
999 _c7285
_d7285